Statistics for Counting to 100 in Base 14

Click here to take the quiz!

General Stats

  • This quiz has been taken 21 times
  • The average score is 61 of 101

Answer Stats

Base 10Base 14% Correct
00
100%
11
100%
22
100%
33
100%
44
100%
55
100%
66
100%
77
100%
88
100%
99
100%
10A
61%
11B
61%
12C
61%
13D
61%
1410
56%
1511
56%
1612
56%
1713
56%
1814
56%
1915
56%
2016
56%
2117
56%
2218
56%
2319
56%
241A
56%
251B
56%
261C
56%
271D
56%
2820
56%
2921
56%
3022
56%
3123
56%
3224
56%
3325
56%
3426
56%
3527
56%
3628
56%
3729
56%
382A
56%
392B
56%
402C
56%
412D
56%
4230
56%
4331
56%
4432
56%
4533
56%
4634
56%
4735
56%
4836
56%
4937
56%
5038
56%
5139
56%
523A
56%
533B
56%
543C
56%
553D
56%
5640
56%
5741
56%
5842
56%
5943
56%
6044
56%
6145
56%
6246
56%
6347
56%
6448
56%
6549
56%
664A
56%
674B
56%
684C
56%
694D
56%
7050
56%
7151
56%
7252
56%
7353
56%
7454
56%
7555
56%
7656
56%
7757
56%
7858
56%
7959
56%
805A
56%
815B
56%
825C
56%
835D
56%
8460
56%
8561
56%
8662
56%
8763
56%
8864
56%
8965
56%
9066
56%
9167
56%
9268
56%
9369
56%
946A
56%
956B
56%
966C
56%
976D
56%
9870
56%
9971
56%
10072
56%

Score Distribution

Percentile by Number Answered

Percent of People with Each Score

Your Score History

You have not taken this quiz